Music Quiz

Random Music or Lyrics Quiz

'Brave' Lyrics by Sara Bareilles Quiz Stats

 Plays Quiz not verified by Sporcle

Score 0/283 Timer 10:00
0 Plays Today
% Correct
You
99.7%
you
99.7%
You
99.7%
you
99.7%
you
99.7%
you
99.7%
you
99.7%
you
99.7%
you
99.7%
you
99.7%
you...
99.7%
you
99.7%
you...
99.7%
you
99.7%
you
99.7%
you
99.7%
you
99.7%
you
99.7%
you
99.7%
you
99.7%
you
99.7%
you
99.7%
you
99.7%
you...
99.7%
you
99.7%
you...
99.7%
you
99.7%
you.
99.7%
be
99.3%
a
99.3%
a
99.3%
a
99.3%
be
99.3%
be
99.3%
a
99.3%
I
99.3%
I
99.3%
be
99.3%
I
99.3%
be
99.3%
I
99.3%
x3
99.3%
I
99.3%
be
99.3%
I
99.3%
x3
99.3%
I
99.3%
be
99.3%
a
99.3%
I
99.3%
be
99.3%
I
99.3%
be
99.3%
be
99.3%
[CHORUS]
99.3%
I
99.3%
x3
99.3%
I
99.3%
be
99.3%
x3
99.3%
I
99.3%
be
99.3%
I
99.3%
x6
99.3%
the
99%
the
99%
the
99%
the
99%
the
99%
the
99%
the
99%
the
99%
the
99%
the
99%
the
99%
the
99%
the
99%
the
99%
out.
97.9%
out.
97.9%
out
97.9%
out.
97.9%
out.
97.9%
can
97.6%
can
97.6%
can
97.6%
can
97.6%
can
97.6%
words
96.5%
words
96.5%
words
96.5%
words
96.5%
words
96.5%
words
96.5%
brave
96.2%
% Correct
brave.
96.2%
brave.
96.2%
brave.
96.2%
brave
96.2%
brave
96.2%
brave,
96.2%
brave.
96.2%
brave.
96.2%
wanna
96%
wanna
96%
see
96%
wanna
96%
wanna
96%
see
96%
wanna
96%
see
96%
wanna
96%
see
96%
wanna
96%
see
96%
wanna
96%
see
96%
wanna
96%
wanna
96%
see
96%
wanna
96%
wanna
96%
see
96%
wanna
96%
see
96%
wanna
96%
see
96%
wanna
96%
see
96%
wanna
96%
see
96%
wanna
96%
see
96%
what
94.8%
what
94.8%
what
94.8%
what
94.8%
what
94.8%
just
94.6%
just
94.6%
just
94.6%
just
94.6%
Just
94.6%
just
94.6%
and
94.5%
and
94.5%
and
94.5%
and
94.5%
and
94.5%
and
94.5%
and
94.5%
say
94.3%
say
94.3%
say
94.3%
Say
94.3%
say
94.3%
say
94.3%
let
94.1%
let
94.1%
let
94.1%
let
94.1%
let
94.1%
Let
94.1%
of
93.4%
of
93.4%
of
93.4%
of
93.4%
of
93.4%
in.
92.6%
or
92.4%
or
92.4%
Or
92.4%
your
92.2%
fall
92.2%
fall
92.2%
your
92.2%
your
92.2%
fall
92.2%
fall
92.2%
your
92.2%
your
92.2%
do,
92%
do
92%
Honestly,
90.7%
Honestly,
90.7%
Honestly,
90.7%
Honestly,
90.7%
some
89.8%
love.
89.3%
amazing,
88.8%
% Correct
to
88.2%
no
87.5%
up.
86.9%
weapon
86.5%
drug.
86.5%
turn
86.3%
into
86%
outcast
86%
somebody's
86%
start
85.6%
way
85.6%
way
85.6%
hurt
83.9%
lack
83.7%
on
83%
phrase
82.4%
gonna
82.2%
if
82.2%
speaking
81.7%
backlash
81%
would
81%
would?
81%
Nothing's
80.1%
they
79.9%
But
79.6%
but
79.6%
skin.
77.9%
Don't
76.5%
don't
76.5%
me
75.4%
happen
75.1%
there,
75.1%
is.
75.1%
that
74.7%
wonder
74.4%
how
74.4%
settle
74.2%
'em
74%
any
73.5%
it
73.2%
down
72.3%
down
72.3%
light
72.3%
Show
71.6%
shadow
70.2%
one
70.2%
inside
69.6%
big
69.6%
been
69.4%
been
69.4%
anything
69.4%
tell
69.4%
truth?
69.4%
by
69%
where
68.7%
think
68.7%
Why
68.5%
these
68.2%
there's
68%
Maybe
67.8%
Maybe
67.8%
sometimes
67.3%
good.
66.6%
Everybody's
66.3%
everybody's
66.3%
live.
66.3%
days
66.1%
sunlight,
65.9%
empty.
65.6%
wins.
65.2%
Did
65.2%
enemy.
64%
won't
64%
silence
63.3%
history
63%
stared
61.9%
with
61.6%
with
61.6%
cage
61.4%
stop
60.9%
mighty.
60.7%
holding
60.6%
'neath
59.9%
bow
59.7%
tongue.
59.3%
Kept
58.8%
run,
58.8%
for
55.4%
fear
54.8%
since
47.2%
disappearing,
45.5%
Fallen
35.6%
done
35.6%

You're not logged in!

Compare scores with friends on all Sporcle quizzes.
OR
Log In

Sporcle TV

Today on Sporcle TV


Watch our educational content, quiz creation guides, and fun videos on Sporcle TV.

Show Comments

Extras

Top Quizzes Today


Score Distribution

Your Account Isn't Verified!

In order to create a playlist on Sporcle, you need to verify the email address you used during registration. Go to your Sporcle Settings to finish the process.

Report this User

Report this user for behavior that violates our Community Guidelines.

Details: